000 00636cam a22002053a 4500
001 44464
003 PGUSA
005 20140828084021.0
008 131218s2013||||xxu|||||s|||||000 | eng d
040 _aPGUSA
_beng
042 _adc
100 1 _aHolt, Emily Sarah,
_d1836-1893
245 1 0 _aUnder One Sceptre, or Mortimer's Mission :
_bThe Story of the Lord of the Marches
_h[electronic resource] /
_cEmily Sarah Holt
260 _bProject Gutenberg,
_c2013
506 _aPublic domain in the USA.
516 _aElectronic text
830 0 _aProject Gutenberg
_v44464
856 4 0 _uhttp://www.gutenberg.org/ebooks/44464
942 _cEB
999 _c273715
_d273715